Effect of weeds management on the yield of phka rumdeng rice variety ឥទ្ទិពលនៃការគ្រប់គ្រងស្មៅចង្រៃទៅលើទិន្នផលពូជស្រូវផ្ការំដេង (Record no. 1331)

000 -LEADER
fixed length control field 00595nam a22001337a 4500
040 ## - CATALOGING SOURCE
Transcribing agency RUA
082 ## - DEWEY DECIMAL CLASSIFICATION NUMBER
Classification number AGR YEM 2011 B050 Or.1
100 ## - MAIN ENTRY--AUTHOR NAME
Personal name YEM, BONA
245 ## - TITLE STATEMENT
Title Effect of weeds management on the yield of phka rumdeng rice variety ឥទ្ទិពលនៃការគ្រប់គ្រងស្មៅចង្រៃទៅលើទិន្នផលពូជស្រូវផ្ការំដេង
260 ## - PUBLICATION, DISTRIBUTION, ETC. (IMPRINT)
Place of publication Phnom Penh
Name of publisher RUA
Year of publication 2011
300 ## - PHYSICAL DESCRIPTION
Number of Pages xiii, 43p.
Other physical details ill.
Dimensions 29cm.
856 ## - ELECTRONIC LOCATION AND ACCESS
Uniform Resource Identifier https://drive.google.com/file/d/1DJSz7QbjsbYZhCe03jiRImnoYT3tfJ1G/view?usp=sharing
942 ## - ADDED ENTRY ELEMENTS (KOHA)
Koha item type AGR
952 ## - LOCATION AND ITEM INFORMATION (KOHA)
Withdrawn status [LOCAL, KOHA] 0
952 ## - LOCATION AND ITEM INFORMATION (KOHA)
Withdrawn status [LOCAL, KOHA] 0
952 ## - LOCATION AND ITEM INFORMATION (KOHA)
Withdrawn status [LOCAL, KOHA] 0
952 ## - LOCATION AND ITEM INFORMATION (KOHA)
Withdrawn status [LOCAL, KOHA] 0
952 ## - LOCATION AND ITEM INFORMATION (KOHA)
Withdrawn status [LOCAL, KOHA] 0
952 ## - LOCATION AND ITEM INFORMATION (KOHA)
Withdrawn status [LOCAL, KOHA] 0
952 ## - LOCATION AND ITEM INFORMATION (KOHA)
Withdrawn status [LOCAL, KOHA] 0
952 ## - LOCATION AND ITEM INFORMATION (KOHA)
Withdrawn status [LOCAL, KOHA] 0
952 ## - LOCATION AND ITEM INFORMATION (KOHA)
Withdrawn status [LOCAL, KOHA] 0
Holdings
Permanent Location Date acquired Koha item type Lost status Shelving location Barcode Current Location Full call number
Library Block B2015-09-27AGR B050RUA019124Library Block BAGR YEM 2011 B050 Or.1
Library Block B2015-09-27AGR B050RUA007516Library Block BAGR YEM 2011 B050 Or.2
Library Block B2015-09-27AGR B050RUA007514 Library Block BAGR YEM 2011 B050 Or.3
Library Block B2015-09-27AGR B050RUA006469Library Block BAGR YEM 2011 B050 Or.4
Library Block B2015-09-27AGR B050RUA006408+Library Block BAGR YEM 2011 B050 Or.5
Library Block B2015-09-27AGR B050RUA000509Library Block BAGR YEM 2011 B050 Or.6
Library Block B2015-09-27AGR B050RUA000222Library Block BAGR YEM 2011 B050 Or.7
Library Block B2015-09-27AGR B050RUA006256Library Block BAGR YEM 2011 B050 Or.8
Library Block B2015-09-27AGR B050RUA006282Library Block BAGR YEM 2011 B050 Or.9
មជ្ឈមណ្ឌលឯការនៃសាកលវិទ្យាល័យភូមិន្ទកសិកម្មចំការដូង

Powered by Koha